MARC

LEADER 00000nam0a2200000 4500
001 92984
005 20231101213846.0
035 |a (RuTPU)RU\TPU\book\99592 
090 |a 92984 
100 |a 20060323d1961 km y0rusy50 ca 
101 0 |a rus 
102 |a RU 
105 |a a z 001zy 
200 1 |a Производство фарфоровых изоляторов для аппаратов высокого напряжения  |f А. М. Ахъян 
210 |a Москва  |c Госэнергоиздат  |d 1961  |a Ленинград 
215 |a 279 с.  |c ил. 
320 |a Библиогр.: с. 278-278. 
606 |a Электроизоляторы фарфоровые  |x Производство  |x Сырье  |2 stltpush  |3 (RuTPU)RU\TPU\subj\34882  |9 56719 
610 1 |a электрическая аппаратура 
610 1 |a высоковольтные аппараты 
610 1 |a производство 
675 |a 666.5  |v 3 
700 1 |a Ахъян  |b А. М.  |g Арминак Минасович 
801 1 |a RU  |b 63413507  |c 20060323  |g PSBO 
801 2 |a RU  |b 63413507  |c 20180301  |g PSBO 
942 |c BK